000 00779nam a2200241Ia 4500
003 OSt
005 20220923211102.0
006 a|||||r|||| 00| 0
007 ta
008 220922b |||||||| |||| 00| 0 pan d
020 _a8178833492 (hbk)
_c500
024 _a243,716
037 _b194, 08/10/2010, H.K. Prakashan
_cTextual
040 _aARTS
_cARTS
_bpan
041 _2pan
_apan
082 _aO153,3NBAL,SV, P7
100 _aਬਲਦੇਵ ਸਿੰਘ
_9156324
245 0 _aਸਤਲੁਜ ਵਹਿੰਦਾ ਰਿਹਾ
260 _aਲੁਧਿਆਣਾ
_b ਚੇਤਨਾ
_c2007
300 _a584ਪੰ
_ccm.
942 _hO153,3NBAL,SV, P7
_cTEXL
_2CC
999 _c295009
_d295009